Tilastot visalle Talviolympialaisten lajit

Klikkaa tästä pelataksesi tätä visaa!

Yleistilastot

  • Tätä visaa on pelattu 1 591 kertaa
  • Keskiarvotulos 9 / 15

Vastaustilastot

Urheilulaji% Oikein
Maastohiihto
97%
Jääkiekko
90%
Mäkihyppy
82%
Ampumahiihto
76%
Taitoluistelu
76%
Curling
74%
Lumilautailu
69%
Pikaluistelu
65%
Alppihiihto
60%
Yhdistetty
50%
Freestylehiihto
35%
Skeleton
26%
Rattikelkkailu
24%
Ohjaskelkkailu
20%
Kaukalopikaluistelu
17%

Tulosjakauma

Persentiili vastausten määrän mukaan

Jokaisen tuloksen saaneiden osuus

Tuloshistoriasi

Et ole pelannut tätä visaa